Control digital de velocidad para una turbina Banki

Guardat en:
Dades bibliogràfiques
Autor principal: Fernandez Gaucherand, Emmanuel
Format: Thesis Llibre
Idioma:Undetermined
Publicat: 1982
Matèries:
Etiquetes: Afegir etiqueta
Sense etiquetes, Sigues el primer a etiquetar aquest registre!

MARC

LEADER 00000nam a2200000Ia 4500
001 2260
008 140114s9999 xx 000 0 und d
100 |a Fernandez Gaucherand, Emmanuel 
245 |a Control digital de velocidad para una turbina Banki 
260 |c 1982 
500 |a NULL 
502 |a Escuela de ingenieria Electrica 
650 |z CONTROLADOR DIGITAL DE VELOCIDAD 
999 |c 11554  |d 11554